000 00230nam a2200109Ia 4500
008 240625s9999 xx 000 0 und d
041 _aeng
082 _a005.54 THO
100 _aTHOMSON
245 _aMIS COMPANION
260 _c2003
999 _c35084
_d35084